Nombre 4 - Culture générale - Statistiques

Statistiques générales
  • Ce quiz a été pris 32 180 fois
  • Le résultat moyen est 15 sur 20
Statistiques - réponses
Indice Réponse % Correct
Quatrième enseigne d'un jeu de carte avec le cœur, le pique et le trèfle Carreau
94%
Celle des 4 saisons dans laquelle nous nous trouvons le 15 décembre Automne
91%
Il y a 4 techniques de nage normalisées à des fins compétitives : le dos crawlé, la brasse, le crawl et __ ________ Le papillon
91%
Genre de plantes censé porter bonheur lorsqu'il est à 4 feuilles Trèfle
90%
Quatrième élément de la Grèce classique avec le feu, la terre et l'eau Air
87%
Repas synonyme de "quatre heures" Goûter
87%
Type de véhicule tout terrain à 4 roues motrices 4x4
85%
Compositeur de l'œuvre Les Quatre Saisons Antonio Vivaldi
84%
Le pays de Galles est une des 4 nations constitutives de ce pays Royaume-Uni
82%
Objet parmi les 4 disciplines de lancer en athlétisme qui est lancé le plus loin Javelot
81%
Maison parmi les 4 de l'école de Poudlard à laquelle appartient Harry Potter Gryffondor
78%
Le Nord, l'Est, l'Ouest et le Sud en sont les 4 principaux {Points} {cardinaux}
77%
Gâteau tirant son nom du fait que les 4 ingrédients qui le composent (farine, sucre, beurre, œufs) y sont en quantité égale Quatre-quarts
71%
Équipe de super-héros Marvel composée notamment de la Chose, la Femme invisible et la Torche humaine Quatre Fantastiques
69%
Seul des 4 tournois du Grand Chelem à avoir été remporté par un tennisman français durant l'ère Open Roland-Garros
68%
Les Fab Four est un des surnoms donnés à ce groupe de rock britannique The Beatles
63%
Montagne états-unienne sur laquelle sont sculptés 4 présidents marquants du pays Mont Rushmore
60%
Dans cette œuvre dystopique de Veronica Roth, Quatre est le surnom de Tobias Eaton, compagnon de l'héroïne Tris. Divergente
38%
Ceux de l'Apocalypse, au nombre de 4, représentent la Mort, la Famine, la Conquête et la Guerre Cavaliers
36%
Ce que l'on coupe en 4 lorsque l'on est trop précis ou trop méticuleux Cheveux
26%
Aucun quiz correspondant
Distribution des résultats
% des personnes avec chaque résultat
Percentile par nombre de réponses
Votre historique - résultats
Vous n’avez pas pris ce quiz